<?xml version="1.0" encoding="UTF-8"?>
<record
    xmlns:xsi="http://www.w3.org/2001/XMLSchema-instance"
    xsi:schemaLocation="http://www.loc.gov/MARC21/slim http://www.loc.gov/standards/marcxml/schema/MARC21slim.xsd"
    xmlns="http://www.loc.gov/MARC21/slim">

  <leader>01189nam a2200289 a 4500</leader>
  <controlfield tag="001">82404</controlfield>
  <controlfield tag="003">BD-RjUL</controlfield>
  <controlfield tag="005">20231206112718.0</controlfield>
  <controlfield tag="008">231205s2008    nyu           ||1 | eng u</controlfield>
  <datafield tag="020" ind1=" " ind2=" ">
    <subfield code="a">9780820497013</subfield>
  </datafield>
  <datafield tag="035" ind1=" " ind2=" ">
    <subfield code="a">(BD-RjUL)82404</subfield>
  </datafield>
  <datafield tag="040" ind1=" " ind2=" ">
    <subfield code="a">HUJI</subfield>
    <subfield code="b">eng</subfield>
    <subfield code="c">BD-RjUL</subfield>
  </datafield>
  <datafield tag="041" ind1="0" ind2=" ">
    <subfield code="a">eng</subfield>
  </datafield>
  <datafield tag="082" ind1=" " ind2=" ">
    <subfield code="2">23</subfield>
    <subfield code="a">297.83</subfield>
    <subfield code="b">TIM 2008</subfield>
  </datafield>
  <datafield tag="100" ind1="1" ind2=" ">
    <subfield code="a">Timani, Hussam S.</subfield>
    <subfield code="9">10345</subfield>
  </datafield>
  <datafield tag="245" ind1="1" ind2="0">
    <subfield code="a">Modern intellectual readings of the Kharijites /</subfield>
    <subfield code="c">Hussam S. Timani.</subfield>
  </datafield>
  <datafield tag="260" ind1=" " ind2=" ">
    <subfield code="a">New York :</subfield>
    <subfield code="b">Peter Lang,</subfield>
    <subfield code="c">&#xA9;2008.</subfield>
  </datafield>
  <datafield tag="300" ind1=" " ind2=" ">
    <subfield code="a">144 pages ;</subfield>
    <subfield code="c">24 cm.</subfield>
  </datafield>
  <datafield tag="490" ind1="1" ind2=" ">
    <subfield code="a">American university studies. Series VII, Theology and religion ;</subfield>
    <subfield code="v">v. 262</subfield>
  </datafield>
  <datafield tag="504" ind1=" " ind2=" ">
    <subfield code="a">Includes bibliographical references (p. [137]-141) and index.</subfield>
  </datafield>
  <datafield tag="505" ind1="0" ind2=" ">
    <subfield code="a">Introduction -- The Kharijites in history -- The Kharijites in modern Arab historiography -- The Kharijites in western literature -- Modern Muslim intellectuals and their Kharijites -- The Kharijites and their contemporary relevance -- Conclusion.</subfield>
  </datafield>
  <datafield tag="650" ind1=" " ind2="4">
    <subfield code="a">Kharijites</subfield>
    <subfield code="x">History</subfield>
    <subfield code="9">10346</subfield>
  </datafield>
  <datafield tag="650" ind1=" " ind2="4">
    <subfield code="a">Islamic sects</subfield>
    <subfield code="x">History.</subfield>
    <subfield code="9">10347</subfield>
  </datafield>
  <datafield tag="830" ind1=" " ind2="0">
    <subfield code="a">American university studies.</subfield>
    <subfield code="v">v. 262.</subfield>
    <subfield code="9">10348</subfield>
  </datafield>
  <datafield tag="942" ind1=" " ind2=" ">
    <subfield code="2">ddc</subfield>
    <subfield code="c">BK</subfield>
  </datafield>
  <datafield tag="999" ind1=" " ind2=" ">
    <subfield code="c">82404</subfield>
    <subfield code="d">82404</subfield>
  </datafield>
  <datafield tag="952" ind1=" " ind2=" ">
    <subfield code="0">0</subfield>
    <subfield code="1">0</subfield>
    <subfield code="2">ddc</subfield>
    <subfield code="4">0</subfield>
    <subfield code="7">1</subfield>
    <subfield code="8">NFIC</subfield>
    <subfield code="a">RUCL</subfield>
    <subfield code="b">RUCL</subfield>
    <subfield code="c">Reading</subfield>
    <subfield code="d">2023-10-30</subfield>
    <subfield code="e">Dhaka : BM Book</subfield>
    <subfield code="g">10345.00</subfield>
    <subfield code="l">0</subfield>
    <subfield code="o">297.83 TIM 2008</subfield>
    <subfield code="r">2023-12-05 00:00:00</subfield>
    <subfield code="t">C-1</subfield>
    <subfield code="w">2023-12-05</subfield>
    <subfield code="y">BK</subfield>
  </datafield>
  <datafield tag="952" ind1=" " ind2=" ">
    <subfield code="0">0</subfield>
    <subfield code="1">0</subfield>
    <subfield code="2">ddc</subfield>
    <subfield code="4">0</subfield>
    <subfield code="7">0</subfield>
    <subfield code="8">NFIC</subfield>
    <subfield code="a">RUCL</subfield>
    <subfield code="b">RUCL</subfield>
    <subfield code="c">GEN</subfield>
    <subfield code="d">2023-10-30</subfield>
    <subfield code="e">Dhaka : BM Book</subfield>
    <subfield code="g">10345.00</subfield>
    <subfield code="l">0</subfield>
    <subfield code="o">297.83 TIM 2008</subfield>
    <subfield code="r">2023-12-05 00:00:00</subfield>
    <subfield code="t">C-2</subfield>
    <subfield code="w">2023-12-05</subfield>
    <subfield code="y">BK</subfield>
  </datafield>
  <datafield tag="952" ind1=" " ind2=" ">
    <subfield code="0">0</subfield>
    <subfield code="1">0</subfield>
    <subfield code="2">ddc</subfield>
    <subfield code="4">0</subfield>
    <subfield code="7">0</subfield>
    <subfield code="8">NFIC</subfield>
    <subfield code="a">RUCL</subfield>
    <subfield code="b">RUCL</subfield>
    <subfield code="c">GEN</subfield>
    <subfield code="d">2023-10-30</subfield>
    <subfield code="e">Dhaka : BM Book</subfield>
    <subfield code="g">10345.00</subfield>
    <subfield code="l">0</subfield>
    <subfield code="o">297.83 TIM 2008</subfield>
    <subfield code="r">2023-12-06 00:00:00</subfield>
    <subfield code="t">C-3</subfield>
    <subfield code="w">2023-12-06</subfield>
    <subfield code="y">BK</subfield>
  </datafield>
</record>
